Least Guessed: Europe Quiz Stats

 Plays Quiz Updated Jul 28, 2018

Challenge
Share
Tweet
Embed
Score 0/20 Timer 02:00
5 Plays Today
Rank Country % Correct
9Andorra (63.2%)
77%
1San Marino (52.5%)
72.2%
3Liechtenstein (54.6%)
70%
16Vatican City (69.8%)
69.8%
18Luxembourg (72.6%)
67.2%
6Monaco (59.8%)
64.7%
2Kosovo (54.1%)
63.7%
4Moldova (57.9%)
62.9%
7Malta (62.4%)
62.9%
5Montenegro (58.9%)
61.7%
Rank Country % Correct
20Estonia (76.4%)
61.2%
10Macedonia (65.7%)
60.5%
15Slovenia (68.7%)
60.2%
12Cyprus (66.6%)
56.4%
11Albania (65.8%)
55.9%
8Bosnia and Herzegovina (62.6%)
55.7%
17Belarus (71.9%)
55.3%
14Serbia (68.6%)
54.3%
19Croatia (73.3%)
51.1%
13Bulgaria (68.4%)
41.6%

You're not logged in!

Compare scores with friends on all Sporcle quizzes.
Join for Free
OR
Log In

You Might Also Like...

Show Comments

Extras

Top Quizzes Today


Score Distribution

Your Account Isn't Verified!

In order to create a playlist on Sporcle, you need to verify the email address you used during registration. Go to your Sporcle Settings to finish the process.

Report this User

Report this user for behavior that violates our Community Guidelines.

Details: